Peněžní toky pro finanční plánování Jak připravit a hodnotit podnikatelské projekty. 10

Finančná stabilita projektu - nástroj overovania stability - peňažné toky pre finančné plánovanie. Bilancia hotovosti - rozdiel príjmov a výdavkov v každom roku. Čistá súčasná hodnota vlastného kapitálu, stanovenie tejto hodnoty. Výdavky a príjmy projektu.

Guardado en:
Detalles Bibliográficos
Autor principal: Fotr, J.
Formato: Capítulo de libro
Lenguaje:checo
Materias:
Etiquetas: Agregar Etiqueta
Sin Etiquetas, Sea el primero en etiquetar este registro!

MARC

LEADER 00000naa a2200000 4500
001 r020579
005 20230920091617.9
041 0 |a cze 
044 |a CZ 
245 1 0 |a Peněžní toky pro finanční plánování  |b Jak připravit a hodnotit podnikatelské projekty. 10  |c J. Fotr 
520 |a Finančná stabilita projektu - nástroj overovania stability - peňažné toky pre finančné plánovanie. Bilancia hotovosti - rozdiel príjmov a výdavkov v každom roku. Čistá súčasná hodnota vlastného kapitálu, stanovenie tejto hodnoty. Výdavky a príjmy projektu. 
610 2 0 |a podnik 
610 2 0 |a podnikanie 
610 2 0 |a projekty 
610 2 0 |a financovanie 
610 2 0 |a plánovanie finančné 
610 2 0 |a príjmy 
610 2 0 |a výdavky 
610 2 0 |a hodnota 
610 2 0 |a kapitál vlastný 
100 1 |a Fotr, J.